[Event "European Women's Championship"]
[Site "Vysoke Tatry"]
[Date "2018.04.19"]
[Round "11"]
[White "Sebag, Marie"]
[Black "Antolak, Julia"]
[Result "1-0"]
[Board "10"]
[WhiteElo "2492"]
[WhiteTitle "GM"]
[WhiteCountry "FRA"]
[WhiteFideId "617822"]
[WhiteEloChange "2"]
[BlackElo "2212"]
[BlackTitle "WFM"]
[BlackCountry "POL"]
[BlackFideId "1159569"]
[BlackEloChange "-3"]

1. e4 {[%clk 1:30:46]} c5 {[%clk 1:30:57]} 2. Nf3 {[%clk 1:31:08]} d6 {[%clk
1:31:21]} 3. d4 {[%clk 1:31:32]} cxd4 {[%clk 1:31:45]} 4. Qxd4 {[%clk 1:31:57]}
Nc6 {[%clk 1:32:10]} 5. Bb5 {[%clk 1:31:26]} Bd7 {[%clk 1:32:16]} 6. Bxc6 {[%clk
1:31:35]} Bxc6 {[%clk 1:32:40]} 7. Nc3 {[%clk 1:31:32]} Nf6 {[%clk 1:32:46]} 8.
Bg5 {[%clk 1:31:06]} e6 {[%clk 1:32:06]} 9. Qd3 {[%clk 1:30:31]} Be7 {[%clk
1:31:01]} 10. Nd4 {[%clk 1:25:41]} Qa5 {[%clk 1:30:21]} 11. Bd2 {[%clk 1:23:01]}
Qh5 {[%clk 1:28:59]} 12. f4 {[%clk 0:58:42]} O-O {[%clk 1:27:54]} 13. O-O {[%clk
0:53:44]} Rfd8 {[%clk 1:21:36]} 14. Be1 {[%clk 0:48:56]} Bf8 {[%clk 1:16:33]} 15.
h3 {[%clk 0:34:48]} Qc5 {[%clk 1:03:37]} 16. Kh1 {[%clk 0:31:44]} e5 {[%clk
0:56:57]} 17. Nb3 {[%clk 0:30:34]} Qb6 {[%clk 0:56:27]} 18. Bh4 {[%clk 0:30:12]}
Be7 {[%clk 0:55:57]} 19. Bxf6 {[%clk 0:27:02]} Bxf6 {[%clk 0:56:17]} 20. f5
{[%clk 0:27:26]} Rac8 {[%clk 0:53:52]} 21. Rfd1 {[%clk 0:24:48]} Bg5 {[%clk
0:49:06]} 22. Qe2 {[%clk 0:24:06]} Qc7 {[%clk 0:45:01]} 23. Qg4 {[%clk 0:21:13]}
Bf6 {[%clk 0:44:35]} 24. a4 {[%clk 0:19:40]} b6 {[%clk 0:40:59]} 25. Nd2 {[%clk
0:19:21]} d5 {[%clk 0:38:58]} 26. exd5 {[%clk 0:19:06]} Bxd5 {[%clk 0:39:11]} 27.
Nxd5 {[%clk 0:19:00]} Rxd5 {[%clk 0:39:36]} 28. Ne4 {[%clk 0:18:55]} Rxd1+ {[%clk
0:39:31]} 29. Rxd1 {[%clk 0:19:12]} Kh8 {[%clk 0:38:09]} 30. Rd2 {[%clk 0:12:28]}
Rd8 {[%clk 0:35:09]} 31. Qd1 {[%clk 0:12:40]} Rxd2 {[%clk 0:34:29]} 32. Qxd2
{[%clk 0:13:07]} Qc4 {[%clk 0:32:32]} 33. Qd3 {[%clk 0:05:55]} Qxd3 {[%clk
0:19:42]} 34. cxd3 {[%clk 0:06:19]} Bd8 {[%clk 0:19:16]} 35. g4 {[%clk 0:06:13]}
Kg8 {[%clk 0:19:23]} 36. Kg2 {[%clk 0:06:22]} h6 {[%clk 0:19:22]} 37. Kf3 {[%clk
0:06:36]} Kf8 {[%clk 0:19:25]} 38. Nd6 {[%clk 0:06:32]} a6 {[%clk 0:17:57]} 39.
Ke4 {[%clk 0:06:38]} Ke7 {[%clk 0:17:32]} 40. Kd5 {[%clk 0:34:23]} g6 {[%clk
0:43:57]} 41. Ne4 {[%clk 0:33:18]} h5 {[%clk 0:42:22]} 42. f6+ {[%clk 0:23:33]}
Kd7 {[%clk 0:42:20]} 43. gxh5 {[%clk 0:23:41]} gxh5 {[%clk 0:42:45]} 44. Kxe5
{[%clk 0:24:07]} 1-0

[Event "European Women's Championship"]
[Site "Vysoke Tatry"]
[Date "2018.04.19"]
[Round "11"]
[White "Badelka, Olga"]
[Black "Batsiashvili, Nino"]
[Result "1/2-1/2"]
[Board "11"]
[WhiteElo "2375"]
[WhiteTitle "WIM"]
[WhiteCountry "BLR"]
[WhiteFideId "13509926"]
[WhiteEloChange "4"]
[BlackElo "2521"]
[BlackTitle "IM"]
[BlackCountry "GEO"]
[BlackFideId "13602993"]
[BlackEloChange "-2"]

1. d4 {[%clk 1:30:57]} Nf6 {[%clk 1:29:20]} 2. c4 {[%clk 1:31:22]} e6 {[%clk
1:29:38]} 3. Nc3 {[%clk 1:31:47]} Bb4 {[%clk 1:30:04]} 4. Qc2 {[%clk 1:32:14]}
O-O {[%clk 1:30:29]} 5. e4 {[%clk 1:32:41]} d5 {[%clk 1:30:45]} 6. e5 {[%clk
1:33:06]} Ne4 {[%clk 1:31:10]} 7. Bd3 {[%clk 1:33:33]} c5 {[%clk 1:31:31]} 8. Ne2
{[%clk 1:33:59]} cxd4 {[%clk 1:31:58]} 9. Nxd4 {[%clk 1:34:23]} Nd7 {[%clk
1:32:25]} 10. Bf4 {[%clk 1:34:48]} Qh4 {[%clk 1:32:47]} 11. g3 {[%clk 1:35:13]}
Qh5 {[%clk 1:33:13]} 12. O-O {[%clk 1:35:37]} g5 {[%clk 1:32:46]} 13. cxd5 {[%clk
1:36:03]} Nxc3 {[%clk 1:12:50]} 14. dxe6 {[%clk 1:36:25]} fxe6 {[%clk 1:02:52]}
15. bxc3 {[%clk 1:34:04]} gxf4 {[%clk 1:02:34]} 16. cxb4 {[%clk 1:34:30]} Nxe5
{[%clk 1:02:09]} 17. f3 {[%clk 1:32:34]} Nxd3 {[%clk 0:45:58]} 18. Qxd3 {[%clk
1:32:59]} Qg6 {[%clk 0:46:22]} 19. Qxg6+ {[%clk 1:30:28]} hxg6 {[%clk 0:46:51]}
20. Rfe1 {[%clk 1:26:24]} fxg3 {[%clk 0:41:47]} 21. hxg3 {[%clk 1:26:49]} Bd7
{[%clk 0:42:06]} 22. f4 {[%clk 1:26:31]} Rfe8 {[%clk 0:35:20]} 23. Rac1 {[%clk
1:11:41]} Rac8 {[%clk 0:31:07]} 24. Kf2 {[%clk 1:10:04]} Kf7 {[%clk 0:29:31]} 25.
Nf3 {[%clk 1:10:19]} Kf6 {[%clk 0:26:29]} 26. Ne5 {[%clk 1:09:55]} Ba4 {[%clk
0:22:01]} 27. Rh1 {[%clk 1:01:44]} Kg7 {[%clk 0:22:14]} 28. Ke3 {[%clk 0:59:53]}
Red8 {[%clk 0:20:07]} 29. Nd3 {[%clk 0:56:40]} Bc6 {[%clk 0:17:48]} 30. Rh2
{[%clk 0:55:06]} Rd5 {[%clk 0:10:12]} 31. Ne5 {[%clk 0:43:16]} a5 {[%clk
0:09:07]} 32. a3 {[%clk 0:36:23]} axb4 {[%clk 0:09:29]} 33. axb4 {[%clk 0:36:50]}
Rb5 {[%clk 0:09:46]} 34. Nxc6 {[%clk 0:34:54]} 1/2-1/2

[Event "European Women's Championship"]
[Site "Vysoke Tatry"]
[Date "2018.04.19"]
[Round "11"]
[White "Schleining, Zoya"]
[Black "Pogonina, Natalija"]
[Result "1-0"]
[Board "12"]
[WhiteElo "2382"]
[WhiteTitle "IM"]
[WhiteCountry "GER"]
[WhiteFideId "4671660"]
[WhiteEloChange "13"]
[BlackElo "2474"]
[BlackTitle "WGM"]
[BlackCountry "RUS"]
[BlackFideId "4147855"]
[BlackEloChange "-6"]

1. d4 {[%clk 1:30:57]} d5 {[%clk 1:30:50]} 2. c3 {[%clk 1:30:53]} Nf6 {[%clk
1:27:17]} 3. Nf3 {[%clk 1:30:35]} Bf5 {[%clk 1:23:16]} 4. Qb3 {[%clk 1:30:33]}
Qc8 {[%clk 1:23:24]} 5. Bg5 {[%clk 1:30:56]} Nbd7 {[%clk 1:19:42]} 6. e3 {[%clk
1:28:02]} h6 {[%clk 1:15:53]} 7. Bh4 {[%clk 1:25:39]} e6 {[%clk 1:14:23]} 8. c4
{[%clk 1:22:37]} c6 {[%clk 1:13:41]} 9. Nc3 {[%clk 1:22:52]} Bd6 {[%clk 1:11:15]}
10. Rc1 {[%clk 1:20:51]} O-O {[%clk 1:07:28]} 11. Be2 {[%clk 1:20:12]} Qb8 {[%clk
0:57:42]} 12. Bg3 {[%clk 1:17:26]} Bxg3 {[%clk 0:49:59]} 13. hxg3 {[%clk
1:17:51]} dxc4 {[%clk 0:50:23]} 14. Bxc4 {[%clk 1:17:09]} e5 {[%clk 0:45:19]} 15.
Nxe5 {[%clk 1:05:05]} Nxe5 {[%clk 0:45:42]} 16. dxe5 {[%clk 1:05:31]} Qxe5 {[%clk
0:44:51]} 17. Qxb7 {[%clk 1:04:27]} Rab8 {[%clk 0:37:09]} 18. Qxa7 {[%clk
1:03:37]} Rxb2 {[%clk 0:37:06]} 19. O-O {[%clk 1:02:49]} Rb4 {[%clk 0:33:32]} 20.
Be2 {[%clk 0:39:21]} Bg4 {[%clk 0:32:12]} 21. a3 {[%clk 0:36:29]} Rb2 {[%clk
0:20:59]} 22. Bf3 {[%clk 0:33:56]} Qh5 {[%clk 0:16:24]} 23. Qd4 {[%clk 0:32:49]}
Bxf3 {[%clk 0:09:13]} 24. gxf3 {[%clk 0:31:50]} Qxf3 {[%clk 0:08:30]} 25. Nd5
{[%clk 0:32:06]} Rfb8 {[%clk 0:06:08]} 26. Nxf6+ {[%clk 0:32:02]} gxf6 {[%clk
0:06:22]} 27. Rc4 {[%clk 0:30:22]} h5 {[%clk 0:03:20]} 28. Qf4 {[%clk 0:29:02]}
Qd5 {[%clk 0:03:10]} 29. Rd4 {[%clk 0:28:34]} Qg5 {[%clk 0:01:57]} 30. Kg2 {[%clk
0:26:17]} Kg7 {[%clk 0:01:21]} 31. Rh1 {[%clk 0:25:46]} R8b5 {[%clk 0:01:11]} 32.
Qf3 {[%clk 0:21:02]} Rf5 {[%clk 0:00:51]} 33. Rf4 {[%clk 0:21:13]} Rd5 {[%clk
0:00:52]} 34. e4 {[%clk 0:18:28]} Rc5 {[%clk 0:00:48]} 35. Rf5 {[%clk 0:17:58]}
Rxf5 {[%clk 0:00:44]} 36. exf5 {[%clk 0:18:17]} Qg4 {[%clk 0:00:41]} 37. Qxg4+
{[%clk 0:18:11]} hxg4 {[%clk 0:01:08]} 38. Rh4 {[%clk 0:18:31]} Ra2 {[%clk
0:01:23]} 39. Rxg4+ {[%clk 0:18:54]} Kh6 {[%clk 0:01:00]} 40. a4 {[%clk 0:47:38]}
Kh5 {[%clk 0:31:06]} 41. Rc4 {[%clk 0:47:24]} c5 {[%clk 0:26:08]} 42. g4+ {[%clk
0:35:58]} Kh4 {[%clk 0:23:34]} 43. Kf3 {[%clk 0:33:09]} Kh3 {[%clk 0:18:45]} 44.
Ke3 {[%clk 0:31:19]} Ra3+ {[%clk 0:14:49]} 45. Kf4 {[%clk 0:30:49]} Kg2 {[%clk
0:07:20]} 46. Ke4 {[%clk 0:30:51]} Kxf2 {[%clk 0:07:08]} 47. Kd5 {[%clk 0:31:14]}
Ke3 {[%clk 0:07:17]} 48. Kxc5 {[%clk 0:31:18]} Kd3 {[%clk 0:07:41]} 49. Rb4
{[%clk 0:31:15]} Rc3+ {[%clk 0:06:50]} 50. Kd6 {[%clk 0:29:40]} Rc8 {[%clk
0:05:50]} 51. Ke7 {[%clk 0:29:44]} Kc3 {[%clk 0:06:16]} 52. Rf4 {[%clk 0:29:56]}
1-0

[Event "European Women's Championship"]
[Site "Vysoke Tatry"]
[Date "2018.04.19"]
[Round "11"]
[White "Girya, Olga"]
[Black "Ovod, Evgenija"]
[Result "1-0"]
[Board "13"]
[WhiteElo "2470"]
[WhiteTitle "WGM"]
[WhiteCountry "RUS"]
[WhiteFideId "4195752"]
[WhiteEloChange "4"]
[BlackElo "2366"]
[BlackTitle "IM"]
[BlackCountry "RUS"]
[BlackFideId "4131827"]
[BlackEloChange "-7"]

1. d4 {[%clk 1:30:59]} e6 {[%clk 1:30:53]} 2. c4 {[%clk 1:31:21]} f5 {[%clk
1:31:16]} 3. Nf3 {[%clk 1:30:43]} Nf6 {[%clk 1:31:36]} 4. g3 {[%clk 1:31:08]} d5
{[%clk 1:31:53]} 5. Bf4 {[%clk 1:31:19]} c6 {[%clk 1:32:12]} 6. e3 {[%clk
1:28:42]} Be7 {[%clk 1:21:42]} 7. Nbd2 {[%clk 1:28:43]} O-O {[%clk 1:21:41]} 8.
Rc1 {[%clk 1:27:50]} Ne4 {[%clk 1:14:44]} 9. h4 {[%clk 1:23:41]} Nd7 {[%clk
1:12:04]} 10. Be2 {[%clk 1:06:56]} Ndf6 {[%clk 1:10:28]} 11. a3 {[%clk 1:04:16]}
a5 {[%clk 0:58:02]} 12. Ne5 {[%clk 0:50:02]} a4 {[%clk 0:53:08]} 13. O-O {[%clk
0:47:37]} Nxd2 {[%clk 0:41:33]} 14. Qxd2 {[%clk 0:48:02]} Bd7 {[%clk 0:42:01]}
15. c5 {[%clk 0:42:01]} b6 {[%clk 0:38:36]} 16. cxb6 {[%clk 0:41:32]} Qxb6 {[%clk
0:37:10]} 17. Bg5 {[%clk 0:36:27]} Ra7 {[%clk 0:27:18]} 18. Qc2 {[%clk 0:35:43]}
Rc8 {[%clk 0:23:12]} 19. Nxd7 {[%clk 0:29:12]} Rxd7 {[%clk 0:23:38]} 20. Qxa4
{[%clk 0:28:29]} Qxb2 {[%clk 0:22:47]} 21. Rxc6 {[%clk 0:21:24]} Rxc6 {[%clk
0:23:08]} 22. Qxc6 {[%clk 0:21:50]} Rd6 {[%clk 0:23:12]} 23. Qc7 {[%clk 0:19:55]}
Kf7 {[%clk 0:21:41]} 24. Re1 {[%clk 0:11:52]} Qxa3 {[%clk 0:20:00]} 25. Bxf6
{[%clk 0:06:34]} Kxf6 {[%clk 0:20:26]} 26. Rb1 {[%clk 0:06:18]} Qa8 {[%clk
0:20:06]} 27. Rb8 {[%clk 0:04:42]} Qc6 {[%clk 0:19:25]} 28. Qa5 {[%clk 0:05:09]}
Rd7 {[%clk 0:15:31]} 29. Kg2 {[%clk 0:02:56]} Rb7 {[%clk 0:09:55]} 30. Rxb7
{[%clk 0:01:49]} Qxb7 {[%clk 0:10:19]} 31. g4 {[%clk 0:02:04]} fxg4 {[%clk
0:03:24]} 32. Bxg4 {[%clk 0:02:29]} Kf7 {[%clk 0:03:49]} 33. h5 {[%clk 0:02:07]}
Bd6 {[%clk 0:03:42]} 34. Qa4 {[%clk 0:01:48]} Qc7 {[%clk 0:02:20]} 35. Qa6 {[%clk
0:01:54]} g6 {[%clk 0:01:51]} 36. Qa8 {[%clk 0:01:03]} Qb8 {[%clk 0:01:53]} 37.
Qa4 {[%clk 0:00:54]} Qc7 {[%clk 0:01:44]} 38. Qa8 {[%clk 0:00:56]} Qb8 {[%clk
0:02:08]} 39. Qc6 {[%clk 0:00:50]} Qc7 {[%clk 0:02:28]} 40. hxg6+ {[%clk
0:31:05]} hxg6 {[%clk 0:32:45]} 41. Qa8 {[%clk 0:29:08]} Qb8 {[%clk 0:31:11]} 42.
Qa6 {[%clk 0:28:51]} Qc7 {[%clk 0:29:56]} 43. Be2 {[%clk 0:25:50]} Be7 {[%clk
0:25:48]} 44. Bd3 {[%clk 0:23:32]} Qd6 {[%clk 0:24:55]} 45. Qa8 {[%clk 0:23:53]}
Qd8 {[%clk 0:23:12]} 46. Qb7 {[%clk 0:24:08]} Kf6 {[%clk 0:19:47]} 47. Qc6 {[%clk
0:23:44]} Qh8 {[%clk 0:14:48]} 48. Be2 {[%clk 0:18:02]} Qh4 {[%clk 0:14:16]} 49.
Bf3 {[%clk 0:18:24]} Kf7 {[%clk 0:13:43]} 50. Qc7 {[%clk 0:17:33]} Qg5+ {[%clk
0:10:41]} 51. Kf1 {[%clk 0:18:02]} Qf5 {[%clk 0:10:40]} 52. Ke2 {[%clk 0:18:20]}
Kf6 {[%clk 0:06:37]} 53. Qg3 {[%clk 0:13:41]} Kf7 {[%clk 0:06:55]} 54. Qh2 {[%clk
0:11:37]} Kg7 {[%clk 0:05:42]} 55. Qg3 {[%clk 0:12:06]} Kf7 {[%clk 0:05:35]} 56.
Kf1 {[%clk 0:12:18]} Bd6 {[%clk 0:04:47]} 57. Qxd6 {[%clk 0:12:36]} Qxf3 {[%clk
0:05:13]} 58. Qc7+ {[%clk 0:09:31]} Kf6 {[%clk 0:05:29]} 59. Qe5+ {[%clk
0:09:40]} Kf7 {[%clk 0:05:52]} 60. Ke1 {[%clk 0:09:51]} Qh1+ {[%clk 0:05:35]} 61.
Kd2 {[%clk 0:09:13]} Qb1 {[%clk 0:04:14]} 62. Qf4+ {[%clk 0:09:08]} Ke7 {[%clk
0:04:17]} 63. Ke2 {[%clk 0:07:00]} Qb5+ {[%clk 0:02:41]} 64. Kf3 {[%clk 0:07:19]}
Qf1 {[%clk 0:03:04]} 65. Qh4+ {[%clk 0:07:32]} Kf7 {[%clk 0:02:40]} 66. Kf4
{[%clk 0:07:43]} Qb1 {[%clk 0:02:28]} 67. Qh7+ {[%clk 0:06:50]} Kf6 {[%clk
0:02:40]} 68. Qh8+ {[%clk 0:06:53]} Ke7 {[%clk 0:01:48]} 69. Qg7+ {[%clk
0:06:41]} Kd6 {[%clk 0:02:12]} 70. Qe5+ {[%clk 0:05:48]} Kd7 {[%clk 0:01:49]} 71.
Kg5 {[%clk 0:04:36]} Qg1+ {[%clk 0:01:57]} 72. Qg3 {[%clk 0:05:04]} Qb1 {[%clk
0:02:08]} 73. Qg4 {[%clk 0:04:50]} Qc2 {[%clk 0:01:03]} 74. Qf4 {[%clk 0:04:03]}
Ke7 {[%clk 0:00:59]} 75. Kh6 {[%clk 0:03:59]} Kd7 {[%clk 0:01:02]} 76. Kg7 {[%clk
0:04:04]} g5 {[%clk 0:01:25]} 77. Qf7+ {[%clk 0:04:16]} Kd6 {[%clk 0:01:45]} 78.
Kh6 {[%clk 0:03:32]} g4 {[%clk 0:02:02]} 79. Kg5 {[%clk 0:03:44]} Qe2 {[%clk
0:02:05]} 80. Qf4+ {[%clk 0:03:50]} Kd7 {[%clk 0:01:52]} 81. Kf6 {[%clk 0:03:45]}
Qb2 {[%clk 0:01:47]} 82. Kf7 {[%clk 0:03:25]} Qc2 {[%clk 0:01:56]} 83. Qf6 {[%clk
0:03:24]} Qh7+ {[%clk 0:01:54]} 84. Kf8 {[%clk 0:03:53]} Kd6 {[%clk 0:01:28]} 85.
Qf4+ {[%clk 0:03:39]} Kc6 {[%clk 0:01:31]} 86. Qxg4 {[%clk 0:03:56]} Qd7 {[%clk
0:00:55]} 87. Qg5 {[%clk 0:03:50]} Qc8+ {[%clk 0:01:08]} 88. Kf7 {[%clk 0:04:08]}
Kb5 {[%clk 0:00:37]} 89. Qe7 {[%clk 0:04:14]} Qc2 {[%clk 0:00:39]} 90. Qb7+
{[%clk 0:04:01]} Ka4 {[%clk 0:00:49]} 91. Qa8+ {[%clk 0:02:36]} Kb5 {[%clk
0:00:33]} 92. Qe8+ {[%clk 0:02:02]} Ka5 {[%clk 0:00:28]} 93. Kxe6 {[%clk
0:01:48]} Qxf2 {[%clk 0:00:46]} 94. Kxd5 {[%clk 0:02:01]} Qa2+ {[%clk 0:00:54]}
95. Ke5 {[%clk 0:01:39]} Qh2+ {[%clk 0:01:12]} 96. Kd5 {[%clk 0:02:08]} Qa2+
{[%clk 0:01:29]} 97. Kd6 {[%clk 0:02:31]} Qa3+ {[%clk 0:01:48]} 98. Kc7 {[%clk
0:02:44]} Qc3+ {[%clk 0:01:50]} 99. Kd8 {[%clk 0:02:57]} Kb6 {[%clk 0:01:40]}
100. Qe6+ {[%clk 0:03:18]} Kb7 {[%clk 0:01:51]} 101. Ke7 {[%clk 0:02:36]} Qa3+
{[%clk 0:01:33]} 102. Kf6 {[%clk 0:03:04]} Qb2 {[%clk 0:01:37]} 103. Qd7+ {[%clk
0:02:35]} Kb8 {[%clk 0:02:01]} 104. Qd8+ {[%clk 0:02:51]} Kb7 {[%clk 0:02:25]}
105. Qd7+ {[%clk 0:03:17]} Kb8 {[%clk 0:02:54]} 106. Qd6+ {[%clk 0:01:55]} Kc8
{[%clk 0:02:30]} 107. Qc5+ {[%clk 0:02:09]} Kb8 {[%clk 0:01:20]} 108. e4 {[%clk
0:02:24]} Qf2+ {[%clk 0:01:15]} 109. Ke6 {[%clk 0:02:50]} Qh4 {[%clk 0:01:11]}
110. Qf8+ {[%clk 0:03:12]} 1-0

[Event "European Women's Championship"]
[Site "Vysoke Tatry"]
[Date "2018.04.19"]
[Round "11"]
[White "Ziaziulkina, Nastassia"]
[Black "Bodnaruk, Anastasia"]
[Result "0-1"]
[Board "14"]
[WhiteElo "2363"]
[WhiteTitle "IM"]
[WhiteCountry "BLR"]
[WhiteFideId "13505211"]
[WhiteEloChange "-7"]
[BlackElo "2460"]
[BlackTitle "IM"]
[BlackCountry "RUS"]
[BlackFideId "4181751"]
[BlackEloChange "4"]

1. e4 {[%clk 1:30:57]} c5 {[%clk 1:30:57]} 2. Nf3 {[%clk 1:31:22]} d6 {[%clk
1:31:24]} 3. d4 {[%clk 1:31:47]} cxd4 {[%clk 1:31:50]} 4. Nxd4 {[%clk 1:32:12]}
Nf6 {[%clk 1:32:17]} 5. Nc3 {[%clk 1:32:36]} a6 {[%clk 1:32:44]} 6. Bg5 {[%clk
1:32:43]} Nbd7 {[%clk 1:32:53]} 7. a4 {[%clk 1:32:52]} e6 {[%clk 1:32:46]} 8. a5
{[%clk 1:32:09]} Be7 {[%clk 1:31:56]} 9. Be2 {[%clk 1:32:15]} O-O {[%clk
1:32:15]} 10. O-O {[%clk 1:32:32]} Qc7 {[%clk 1:31:18]} 11. Nb3 {[%clk 1:29:58]}
Ne5 {[%clk 1:29:57]} 12. Be3 {[%clk 1:29:54]} Bd7 {[%clk 1:23:13]} 13. Nd2 {[%clk
1:25:30]} Bc6 {[%clk 1:21:39]} 14. f4 {[%clk 1:23:10]} Ned7 {[%clk 1:21:11]} 15.
Bf3 {[%clk 1:19:58]} b5 {[%clk 1:12:00]} 16. axb6 {[%clk 1:20:10]} Nxb6 {[%clk
1:12:26]} 17. Qe2 {[%clk 1:18:19]} Bb7 {[%clk 1:06:51]} 18. Qf2 {[%clk 1:18:42]}
Nfd7 {[%clk 1:04:01]} 19. Rfb1 {[%clk 1:08:37]} d5 {[%clk 0:55:34]} 20. exd5
{[%clk 1:07:33]} Nxd5 {[%clk 0:55:52]} 21. Nxd5 {[%clk 1:07:30]} Bxd5 {[%clk
0:54:39]} 22. Bxd5 {[%clk 0:54:57]} exd5 {[%clk 0:55:07]} 23. c3 {[%clk 0:55:21]}
a5 {[%clk 0:48:10]} 24. Bd4 {[%clk 0:51:25]} a4 {[%clk 0:43:25]} 25. Qf3 {[%clk
0:47:23]} Qc6 {[%clk 0:42:05]} 26. Qg3 {[%clk 0:43:22]} Bf6 {[%clk 0:38:28]} 27.
Nf3 {[%clk 0:43:07]} Nc5 {[%clk 0:35:19]} 28. Bxf6 {[%clk 0:39:28]} Qxf6 {[%clk
0:35:42]} 29. Ne5 {[%clk 0:39:36]} Rfb8 {[%clk 0:18:26]} 30. Qe3 {[%clk 0:33:13]}
Qe7 {[%clk 0:18:08]} 31. Ra2 {[%clk 0:26:57]} Nb3 {[%clk 0:13:49]} 32. Re1 {[%clk
0:22:13]} Re8 {[%clk 0:10:17]} 33. Qf2 {[%clk 0:20:13]} Qc7 {[%clk 0:08:53]} 34.
Ra3 {[%clk 0:14:29]} f6 {[%clk 0:08:22]} 35. Nd3 {[%clk 0:14:03]} Re4 {[%clk
0:04:04]} 36. Nb4 {[%clk 0:13:37]} Qc4 {[%clk 0:03:20]} 37. f5 {[%clk 0:07:34]}
Rae8 {[%clk 0:02:16]} 38. Nc2 {[%clk 0:06:18]} Rxe1+ {[%clk 0:01:44]} 39. Nxe1
{[%clk 0:06:46]} d4 {[%clk 0:00:51]} 40. Qf1 {[%clk 0:34:43]} d3 {[%clk 0:30:46]}
41. Kh1 {[%clk 0:27:44]} Re2 {[%clk 0:26:21]} 42. Nf3 {[%clk 0:26:25]} Qe4 {[%clk
0:25:59]} 43. Ng1 {[%clk 0:24:53]} Nd2 {[%clk 0:24:25]} 0-1

[Event "European Women's Championship"]
[Site "Vysoke Tatry"]
[Date "2018.04.19"]
[Round "11"]
[White "Mamedjarova, Zeinab"]
[Black "Zawadzka, Jolanta"]
[Result "1-0"]
[Board "15"]
[WhiteElo "2355"]
[WhiteTitle "WGM"]
[WhiteCountry "AZE"]
[WhiteFideId "13401521"]
[WhiteEloChange "12"]
[BlackElo "2442"]
[BlackTitle "WGM"]
[BlackCountry "POL"]
[BlackFideId "1122320"]
[BlackEloChange "-6"]

1. d4 {[%clk 1:30:57]} Nf6 {[%clk 1:30:55]} 2. Nf3 {[%clk 1:30:43]} g6 {[%clk
1:31:19]} 3. Bf4 {[%clk 1:28:51]} Bg7 {[%clk 1:31:41]} 4. e3 {[%clk 1:29:18]} O-O
{[%clk 1:32:04]} 5. h3 {[%clk 1:28:59]} c5 {[%clk 1:30:51]} 6. c3 {[%clk
1:29:00]} d6 {[%clk 1:29:53]} 7. Bc4 {[%clk 1:28:53]} Nbd7 {[%clk 1:26:33]} 8.
O-O {[%clk 1:27:11]} b6 {[%clk 1:18:24]} 9. Nbd2 {[%clk 1:22:54]} Bb7 {[%clk
1:18:40]} 10. a4 {[%clk 1:20:14]} cxd4 {[%clk 1:03:02]} 11. exd4 {[%clk 1:19:56]}
Nh5 {[%clk 1:03:05]} 12. Bh2 {[%clk 1:16:50]} e5 {[%clk 1:03:26]} 13. dxe5 {[%clk
1:09:09]} dxe5 {[%clk 1:03:36]} 14. Re1 {[%clk 1:08:49]} Qc7 {[%clk 1:03:12]} 15.
Bf1 {[%clk 0:52:15]} Rad8 {[%clk 0:54:48]} 16. Qc2 {[%clk 0:51:38]} h6 {[%clk
0:53:04]} 17. Rad1 {[%clk 0:48:35]} Kh7 {[%clk 0:49:05]} 18. Nd4 {[%clk 0:44:59]}
Nf4 {[%clk 0:37:12]} 19. Nb5 {[%clk 0:41:17]} Qb8 {[%clk 0:36:41]} 20. Nc4 {[%clk
0:40:03]} Nc5 {[%clk 0:31:08]} 21. b4 {[%clk 0:30:47]} Nce6 {[%clk 0:30:26]} 22.
Nbd6 {[%clk 0:29:09]} Bd5 {[%clk 0:26:30]} 23. h4 {[%clk 0:17:52]} Rxd6 {[%clk
0:21:10]} 24. Nxd6 {[%clk 0:18:20]} Qxd6 {[%clk 0:21:32]} 25. g3 {[%clk 0:17:22]}
Nh5 {[%clk 0:18:02]} 26. Bg2 {[%clk 0:15:23]} Nf6 {[%clk 0:17:59]} 27. Bxd5
{[%clk 0:12:41]} Nxd5 {[%clk 0:18:23]} 28. Qd3 {[%clk 0:05:27]} Rd8 {[%clk
0:18:31]} 29. c4 {[%clk 0:05:36]} Nd4 {[%clk 0:18:36]} 30. cxd5 {[%clk 0:05:45]}
Qxd5 {[%clk 0:18:59]} 31. Qf1 {[%clk 0:04:50]} Qb3 {[%clk 0:16:49]} 32. Kh1
{[%clk 0:04:52]} Qxa4 {[%clk 0:16:09]} 33. f4 {[%clk 0:03:58]} exf4 {[%clk
0:14:37]} 34. Qxf4 {[%clk 0:03:33]} Ne2 {[%clk 0:13:45]} 35. Qf1 {[%clk 0:03:37]}
Rxd1 {[%clk 0:12:35]} 36. Rxd1 {[%clk 0:04:07]} Qc2 {[%clk 0:11:22]} 37. Re1
{[%clk 0:03:58]} Nd4 {[%clk 0:10:51]} 38. g4 {[%clk 0:03:18]} Qc6+ {[%clk
0:08:35]} 39. Qg2 {[%clk 0:03:43]} Qc3 {[%clk 0:09:01]} 40. Rf1 {[%clk 0:33:01]}
Qxb4 {[%clk 0:38:29]} 41. Rxf7 {[%clk 0:24:15]} Ne6 {[%clk 0:38:19]} 42. Qe2
{[%clk 0:21:39]} Qb3 {[%clk 0:30:54]} 43. Qe4 {[%clk 0:15:53]} Nc5 {[%clk
0:21:35]} 44. Qe7 {[%clk 0:09:40]} Qd5+ {[%clk 0:21:02]} 45. Kg1 {[%clk 0:10:04]}
Qd4+ {[%clk 0:19:39]} 46. Kf1 {[%clk 0:09:29]} Qc4+ {[%clk 0:14:53]} 47. Ke1
{[%clk 0:04:12]} Nd3+ {[%clk 0:15:05]} 48. Kd2 {[%clk 0:04:19]} Qc3+ {[%clk
0:15:11]} 49. Ke2 {[%clk 0:04:27]} Nc1+ {[%clk 0:13:50]} 50. Kf2 {[%clk 0:03:19]}
a5 {[%clk 0:13:31]} 51. h5 {[%clk 0:03:25]} Qd4+ {[%clk 0:11:22]} 52. Kf3 {[%clk
0:02:34]} gxh5 {[%clk 0:05:16]} 53. gxh5 {[%clk 0:03:03]} Qc3+ {[%clk 0:04:44]}
54. Kg2 {[%clk 0:01:56]} Qd2+ {[%clk 0:04:52]} 55. Kh3 {[%clk 0:02:08]} Qc3+
{[%clk 0:04:56]} 56. Bg3 {[%clk 0:02:30]} b5 {[%clk 0:03:22]} 57. Qe4+ {[%clk
0:02:48]} Kg8 {[%clk 0:03:44]} 58. Qe8+ {[%clk 0:02:30]} Kh7 {[%clk 0:04:13]} 59.
Re7 {[%clk 0:01:51]} Qf6 {[%clk 0:03:36]} 60. Rxg7+ {[%clk 0:01:49]} Qxg7 {[%clk
0:03:54]} 61. Be5 {[%clk 0:02:14]} 1-0